Cliquez sur la bonne traduction en espagnol - Les légumes - Statistiques

Statistiques générales
  • Ce quiz a été pris 397 fois
  • Le résultat moyen est 12 sur 19
Statistiques - réponses
Hint Réponse % Correct
Champignon Champiñón
90%
Epinards Espinacas
86%
Laitue Lechuga
81%
Chou Col
78%
Chou-fleur Coliflor
76%
Navet Nabo
76%
Artichaut Alcachofa
73%
Oignon Cebolla
71%
Olive Aceituna
69%
Pomme de terre Papa
67%
Poireau Puerro
65%
Carotte
Zanahoria
59%
Radis Rábano
56%
Courgette
Calabacín
45%
Aubergine Berenjena
43%
Citrouille Calabaza
43%
Haricot Frijol
39%
Concombre Pepino
33%
Petits Pois Guisantes
26%
Aucun quiz correspondant
Distribution des résultats
% des personnes avec chaque résultat
Percentile par nombre de réponses
Votre historique - résultats
Vous n’avez pas pris ce quiz